000 00517nam a2200169Ia 4500
999 _c20944
_d20944
003 OSt
005 20200612104209.0
008 190216s9999||||xx |||||||||||||| ||und||
020 _a8173915622
040 _coclc
082 _a791.0954
_bNAR/P
100 _aNarayan, Shovana
_92818
245 0 _aPerforming Arts In India: A Policy Perspective /
_cShovana Narayan
260 _bKanishka Publishers,
_c2003.
_aNew Delhi:
300 _a135p
942 _cBK
_2ddc
_h791.0954
_iNAR/P
_k791.0954
_mNAR/P